Paramarth: Sopan / (Record no. 3684)
[ view plain ]
| 000 -LEADER | |
|---|---|
| fixed length control field | 00433cam a2200181ua 4500 |
| 041 ## - LANGUAGE CODE | |
| Language code of text/sound track or separate title | hin |
| 082 ## - DEWEY DECIMAL CLASSIFICATION NUMBER | |
| Classification number | 891.54 |
| Item number | RAN/PA |
| 100 ## - MAIN ENTRY--AUTHOR NAME | |
| Personal name | Randay, R D . |
| 245 ## - TITLE STATEMENT | |
| Title | Paramarth: Sopan / |
| 250 ## - EDITION STATEMENT | |
| Edition statement | 1 / |
| 260 ## - PUBLICATION, DISTRIBUTION, ETC. (IMPRINT) | |
| Place of publication | Mumbai : |
| Name of publisher | Bharatiya Vidya Bhavan , |
| Year of publication | 1959. |
| 300 ## - PHYSICAL DESCRIPTION | |
| Number of Pages | 497 ; . |
| 942 ## - ADDED ENTRY ELEMENTS (KOHA) | |
| Koha item type | Books |
| Withdrawn status | Lost status | Damaged status | Home library | Current library | Date acquired | Cost, normal purchase price | Full call number | Accession Number | Koha item type |
|---|---|---|---|---|---|---|---|---|---|
| Withdrawn | KAUAET | KAUAET | 07/04/2012 | 3.00 | 891.54 | 2266 | Books |
